| 000 | 00545nam a2200181Ia 4500 | ||
|---|---|---|---|
| 008 | 090123s9999 xx 000 0 und d | ||
| 082 | _b3619 | ||
| 100 | _aभागवत भा.रा. | ||
| 245 | _aउडती छबूडती | ||
| 250 | _a1 | ||
| 260 |
_bसोमय्या पब्लिकोशन _c1974 |
||
| 300 | _a168 | ||
| 600 | _aभागवत भा.रा. | ||
| 630 | _aउडती छबूडती | ||
| 700 | _aभागवत भा.रा. | ||
| 730 | _aउडती छबूडती | ||
| 942 | _cBOOK | ||
| 999 |
_c41699 _d41699 |
||